Mitología y mitos de la Hispania prerromana
Furkejuvvon:
| Váldodahkki: | |
|---|---|
| Materiálatiipa: | Girji |
| Giella: | espánnjágiella |
| Almmustuhtton: |
Madrid
Akai
1982
|
| Ráidu: | Akai Bolsillo
|
| Fáttát: | |
| Fáddágilkorat: |
Lasit fáddágilkoriid
Eai fáddágilkorat, Lasit vuosttaš fáddágilkora!
|
MARC
| LEADER | 00000nam a2200000 a 4500 | ||
|---|---|---|---|
| 001 | UCP5109 | ||
| 003 | CL-VaPUC | ||
| 008 | 990827e19820000SP |||||||||||||||||spa|d | ||
| 082 | 0 | 4 | |a 292.13 |b BER |2 21 |
| 100 | 0 | |a Bermejo Barrera, José C |e author |9 433276 | |
| 245 | 1 | 0 | |a Mitología y mitos de la Hispania prerromana |
| 300 | |a 237 p | ||
| 942 | |c BK | ||
| 945 | |d 19990827 00:00:00 |a crobeson | ||
| 260 | |a Madrid |b Akai |c 1982 | ||
| 650 | 7 | |a MITOLOGIA HISPNA |2 CL-VaPUC |9 433277 | |
| 650 | 0 | |a Mitos |9 267117 | |
| 650 | 0 | |a Ateísmo |9 265671 | |
| 650 | 0 | |a Mitología clásica |9 265586 | |
| 650 | 0 | |a Mitología griega |9 265313 | |
| 583 | |a last modification |c 19990827 00:00:00 |k Rodrigo Vera | ||
| 490 | 0 | |a Akai Bolsillo | |
| 999 | |c 282933 |d 282931 | ||
| 952 | |0 0 |1 0 |4 0 |6 292_130000000000000_BER_1982 |7 0 |8 A |9 325554 |a BIBHIS |b BIBHIS |d 2019-11-20 |i 1356739 |o 292.13 BER 1982 |p 1356739 |r 2025-01-20 |w 2019-11-20 |y BK |k HIS | ||